000 00471nam a2200181Ia 4500
001 19930
005 20260306172729.0
008 260306t2013||||xx |||||||||||||| ||spa||
041 _aESP
082 _a341.4
_bS724
100 _aSchauer, Frederick
_eAUT
245 0 _aPensar como un abogado:
_buna nueva introducción al razonamiento jurídico
260 _c2013
300 _a264 páginas :
_c24 cm.
650 _aGEN
654 _aCDE
942 _cLIB
_dJUS
_fJUS
_2ddc
_n
999 _c19930
_d19930